000 00247nam a22000977a 4500
999 _c11807
_d11807
008 200220b ||||| |||| 00| 0 eng d
020 _a057006127X
100 _aAhern Denise
_97487
245 _aThe Bread and the wine
260 _aUSA
_bArch Books
_c1979